The Mediterranean wetlands strategy
Αποθηκεύτηκε σε:
| Μορφή: | Βιβλίο |
|---|---|
| Γλώσσα: | English |
| Δημοσίευση: |
Rasmar, Iran :
MedWet,
1971
|
| Θέματα: | |
| Ετικέτες: |
Προσθήκη ετικέτας
Δεν υπάρχουν, Καταχωρήστε ετικέτα πρώτοι!
|
MARC
| LEADER | 00000cam a2200000 i 4500 | ||
|---|---|---|---|
| 001 | 1/9691 | ||
| 008 | 000823s1971 eng d | ||
| 035 | |l 10063159 | ||
| 040 | |a GR-MY-UA |b gre |e aacr | ||
| 041 | 0 | |a eng | |
| 082 | 0 | |a 333.918 | |
| 245 | 1 | 4 | |a The Mediterranean wetlands strategy |
| 260 | |a Rasmar, Iran : |b MedWet, |c 1971 | ||
| 300 | |a 48 p. |b ill. | ||
| 500 | |a Convention on Wetlands | ||
| 650 | 0 | 0 | |a Wetlands |z Mediterranean Region. |
| 650 | 0 | 0 | |a Wetland conservation |z Mediterranean Region. |
| 650 | 0 | 0 | |a Wetland management |z Mediterranean Region. |
| 852 | |a INST |b LESVOS |e 20000823 |h 333.918 MED |p 005100024298 |q 005100024298 |t BK |y 0 | ||
| 901 | |a BIBL1-2000-2 | ||
| 909 | |a Λ |b 077268 | ||
| 970 | |z 2000/08/ΧΡΥΣΑΝΘΗ | ||